| 000 | 00928nam a22002895i 4500 | ||
|---|---|---|---|
| 003 | EG-ScBUE | ||
| 005 | 20221108052503.0 | ||
| 008 | 170709s2022 ua f 000 f ara d | ||
| 017 | _a2021 / 11132 | ||
| 020 | _a9789770936917 | ||
| 040 |
_aEG-ScBUE _bara _erda _cEG-ScBUE _dEG-ScBUE |
||
| 082 | 0 | 4 |
_a892.737 _bن ا ج _222 |
| 100 | 1 |
_aناجي، نورا، _eمؤلف. |
|
| 245 | 1 | 0 |
_aبنات الباشا / _cنورا ناجي. |
| 246 | 3 | 4 |
_aبنات الباشا : _bرواية |
| 250 | _aالطبعة الثانية. | ||
| 264 | 1 |
_aالقاهرة : _bدار الشروق، _c2022. |
|
| 300 |
_a202 صفحة ؛ _c24 سم |
||
| 336 |
_2rdacontent _aنص _btxt |
||
| 337 |
_2rdamedia _aبدون وسيط _bn |
||
| 338 |
_2rdacarrier _aمجلد _bnc |
||
| 590 | _aدعاء | ||
| 650 | 7 |
_aالقصص العربية _yقرن 21. _2BUEsh |
|
| 653 |
_bARALIT _cNovember2022 |
||
| 655 |
_vReading book _934232 |
||
| 942 | _2ddc | ||
| 999 |
_c29954 _d29925 |
||